| 000 | 00606nam a2200181 a 4500 | ||
|---|---|---|---|
| 001 | 000016449 | ||
| 005 | 20200929164921.0 | ||
| 008 | 100305s2003 dr a 001 0 spa d | ||
| 040 |
_aDO-SdBNP _bspa _cBNPHU |
||
| 082 |
_axxxx _bM294o |
||
| 245 | 0 | 0 |
_aManual de orientación académica e institucional : _bdirección de orientación profesional (DOP) / _cOdeida Ogando Félix. |
| 250 | _a3a. ed. revisada y ampliada | ||
| 260 |
_aSanto Domingo : _bUASD, _c2003. |
||
| 300 |
_a169 p. : _bil. ; _c28 cm. |
||
| 504 | _aIncluye bibliografía (p. 169) | ||
| 700 | 1 |
_aOgando Félix, Odeida _936659 |
|
| 049 | _aBNPD | ||
| 999 |
_c15984 _d15984 |
||